00595 2200169 4500001002100000005001500021035002000036007000300056008003900059082000700098084001300105100001600118245021400134260004600348650001700394990001400411INLIS00000000000988820260415091723 a0010-0426000237ta260415 | | |  a81 a81 VOV a0 aVOVIA WITNI1 aANALISIS DAMPAK DENGAN METODE SOCIAL RETURN ON INVESTMENT (SROI), STUDI KASUS PROGRAM PARTISIPASI DESA PT SUMBAWA TIMUR MINING (PPD-STM) DI KEC. HU'U, KAB. DOMPU, PROV. NUSA TENGGARA BARAT (NTB) /cVOVIA WITNI aPALANGKA RAYA :bPERPUSTAKAAN UMPR,c2026 4aPROGRAM DESA a238122081